000 00939nam a22003017a 4500
003 CHAP
005 20220329135857.0
008 971013s1963 r 00010 d
010 _a43701
011 _a44673
035 _a48811
040 _cCHAP
082 _a338.17361
_bR3
100 0 0 _aRamírez José Ch.
_994076
245 _aApuntes sobre problemas azucareros
260 _aMéxico, D. F. :
_b(s.e.),
_c1963
300 _a131 p.
590 _aBATCH-UPD
_b10
_c20130110
_lUCH01
_h0325
590 _aBATCH-UPD
_b10
_c20130110
_lUCH01
_h2202
590 _aBATCH-UPD
_b10
_c20130409
_lUCH01
_h2358
590 _aBATCH-UPD
_b10
_c20130410
_lUCH01
_h1509
590 _aBATCH-UPD
_b10
_c20130914
_lUCH01
_h0510
590 _aCONVERSION
_b10
_c20130109
_lUCH01
_h1324
650 1 4 _aAzúcar
_xAspectos económicos
_xMéxico.
_99140
901 _aBK
942 _cLIBRO
949 _a338.17361 R3
_bBC
_cLIBRO
_d33724000112611
_eLIBRO
_h3891
_i48811
_mD
_si
999 _c43701
_d43701